000 00652nam a22002417a 4500
003 UA-OsUOA
001 67136
007 ta
008 20100212b un ||||| |||| 00| 0 ukr d
100 _aНепот К.
090 _a94(450)"652"
_bН53
942 _cBK
040 _aUA-OsUOA
_brus
_cUA-OsUOA
_dUA-OsUOA
245 _aО знаменитых полководцах
_cТрухиной Н. Н.
300 _a208 с.
955 _a2
041 _arus
080 _a94(450)"652"
020 _a5-211-01057-4
260 _aМ.
_c1992
650 7 _a9 Географія. Біографії. Історія
_2UDC
999 _c353379
_d353379